000 00710nam a22002297a 4500
999 _c5460
_d5460
003 AR-CdUCM
008 190312b ||||| |||| 00| 0 spa d
040 _aMUNICIPALIDAD PROVINCIAL DEL CUSCO
_cBIBLIOTECA MUNICIPAL DEL CUSCO
082 _a856.56 /
_bB27
100 _aBarros, Rafael Leonardo
_916417
245 _aAlbricias de la Patria /
260 _bFenix,
_c1941.
300 _a24 paginas ;
_c23 cm.
500 _aDonación familia Nieto
505 _aContenido :Romances de Rafael Leonardo Barros.
650 _aRomances
_916418
650 _aPoesía peruana
_9806
650 _aPoetas peruanos
_91611
650 _aRafael Leonardo Barros - Poemas
_916419
942 _2ddc
_cLIBROS
945 _arjall